Catálogo

Vista normal Vista MARC

Entrada Personal Name

Número de registros utilizados en: 2

001 - CONTROL NUMBER

  • control field: 18006

003 - CONTROL NUMBER IDENTIFIER

  • control field: DLC

005 - DATE AND TIME OF LATEST TRANSACTION

  • control field: 20260410130923.0

008 - FIXED-LENGTH DATA ELEMENTS

  • fixed length control field: 800609n| azannaabn |a aaa

010 ## - LIBRARY OF CONGRESS CONTROL NUMBER

  • LC control number: n 50029198

035 ## - SYSTEM CONTROL NUMBER

  • System control number: (CaEvSKY)skya1150892

035 ## - SYSTEM CONTROL NUMBER

  • System control number: (OCoLC)oca00064574

040 ## - CATALOGING SOURCE

  • Original cataloging agency: DLC
  • Language of cataloging: spa
  • Description conventions: rda
  • Transcribing agency: Mx-PuUPA
  • Modifying agency: ICU
  • Modifying agency: DLC
  • Modifying agency: CSt
  • Modifying agency: IEN
  • Modifying agency: DLC
  • Modifying agency: MX-SlUA
  • Modifying agency: OCoLC
  • Modifying agency: Mx-PuUPA

046 ## - SPECIAL CODED DATES

  • Birth date: 1901
  • Death date: 1976
  • Source of date scheme: edtf

100 1# - HEADING--PERSONAL NAME

  • Personal name: Heisenberg, Werner,
  • Dates associated with a name: 1901-1976

374 ## - OCCUPATION

  • Occupation: Autor

375 ## - GENDER

  • Gender: hombre

377 ## - ASSOCIATED LANGUAGE

  • Language code: ger

378 ## - FULLER FORM OF PERSONAL NAME

  • Fuller form of personal name: Werner Carl

400 1# - SEE FROM TRACING--PERSONAL NAME

  • Personal name: Geĭzenberg, V.
  • Fuller form of name: (Verner),
  • Dates associated with a name: 1901-1976

400 1# - SEE FROM TRACING--PERSONAL NAME

  • Personal name: Heisenberg, W.
  • Fuller form of name: (Werner),
  • Dates associated with a name: 1901-1976

400 1# - SEE FROM TRACING--PERSONAL NAME

  • Personal name: Heisenberg, Werner
  • Fuller form of name: (Werner Carl),
  • Dates associated with a name: 1901-1976

670 ## - SOURCE DATA FOUND

  • Source citation: His The physical principles of the quantum theory, 1930.

670 ## - SOURCE DATA FOUND

  • Source citation: LCCN 61-30678: His Physik und Philosophie, 1959
  • Information found: (hdg.: Heisenberg, Werner, 1901- ; variant: Werner Carl Heisenberg)

670 ## - SOURCE DATA FOUND

  • Source citation: LCCN af46-740: His Mutamenti nelle basi della scienza, 1944
  • Information found: (hdg.: Heisenberg, Werner, 1901- ; usage: W. Heisenberg)

670 ## - SOURCE DATA FOUND

  • Source citation: LC data base, 10-31-89
  • Information found: (hdg.: Heisenberg, Werner, 1901- ; Heisenberg, Werner, 1901-1976; usage: Werner Heisenberg; W. Heisenberg)

670 ## - SOURCE DATA FOUND

  • Source citation: U istokov kvantovoĭ teorii, 2004:
  • Information found: t.p. (Verner Geĭzenberg) p. 390 (Verner Karl Geĭzenberg, 1901-1976, rodilsi︠a︡ v Duĭsburge, Germanii︠a︡)

670 ## - SOURCE DATA FOUND

  • Source citation: El humanismo en la filosofía de la ciencia, 1987:
  • Information found: title page (Werner Heisenberg)